[Event "Reykjavik Open 2018"]
[Site "Reykjavik ISL"]
[Date "2018.03.07"]
[Round "2.107"]
[White "Stuart, Brian"]
[Black "Hjaltason, Magnus"]
[Result "1/2-1/2"]
[WhiteElo "1688"]
[BlackElo "1281"]
[WhiteFideId "445053"]
[BlackFideId "2312883"]
[EventDate "2018.03.06"]

1. e4 e5 2. Nf3 Nc6 3. Bc4 Bc5 4. O-O Nf6 5. d3 O-O 6. c3 d6 7. h3 Be6 8. Bxe6
fxe6 9. a4 d5 10. exd5 exd5 11. Nxe5 Nxe5 12. d4 Bxd4 13. cxd4 Ng6 14. Nc3 c6
15. Bg5 Qd7 16. Qd3 Rac8 17. Rac1 Qf7 18. Qf3 Qd7 19. Qd3 Qf7 20. Qf3 Qd7 21.
Qd3 1/2-1/2

[Event "Reykjavik Open 2018"]
[Site "Reykjavik ISL"]
[Date "2018.03.07"]
[Round "2.108"]
[White "Thorisson, Benedikt"]
[Black "Hallsson, Jon Eggert"]
[Result "0-1"]
[WhiteElo "1214"]
[BlackElo "1684"]
[WhiteFideId "2314576"]
[BlackFideId "2311569"]
[EventDate "2018.03.06"]

1. e4 e5 2. Nf3 Nc6 3. d4 exd4 4. Bc4 Bc5 5. c3 Qe7 6. O-O Ne5 7. Bb3 Nf6 8. Bg5
h6 9. Bh4 Nxf3+ 10. Qxf3 d6 11. Re1 g5 12. Bg3 Bg4 13. Qd3 Nh5 14. cxd4 Bb6 15.
Nc3 O-O-O 16. Nd5 Qd7 17. Nxb6+ axb6 18. Bc4 Nf4 19. Bxf4 gxf4 20. Bb5 c6 21.
Rac1 Kb8 22. Bc4 b5 23. Bb3 f3 24. h3 Bxh3 25. Qxf3 Rhg8 26. g3 Rg7 27. e5 d5
28. Qf4 Qe6 29. Bc2 Rdg8 30. Kh2 Rg5 31. Qf6 Bg4 32. Kg1 h5 33. Qxe6 fxe6 34. f4
R5g7 35. Kf2 h4 36. gxh4 Rf7 37. Ke3 Bh3 38. Rg1 Rh8 39. h5 Bf5 40. Bxf5 Rxf5
41. Rg6 Rhxh5 42. Rf1 Rh3+ 43. Rf3 Rh2 44. Rf2 Rxf2 45. Kxf2 Rxf4+ 46. Ke3 Rh4
47. Rxe6 Rh3+ 48. Kd2 Kc7 49. Re7+ Kc8 50. e6 Rh4 51. Kc3 Re4 52. Re8+ Kc7 53.
e7 b6 54. b3 c5 55. dxc5 bxc5 56. a4 bxa4 57. bxa4 Kd7 58. Rb8 Re3+ 59. Kd2 Rxe7
60. a5 Kc7 61. Rb5 Kd6 62. Rb6+ Ke5 63. a6 Kd4 64. Rb7 Re6 65. a7 Ra6 66. Rh7
Ra2+ 67. Kc1 Kc3 68. Kb1 Ra6 69. Rh3+ Kc4 70. Rh7 d4 71. Kc2 d3+ 72. Kd2 Ra2+
73. Kd1 Kc3 74. Ke1 c4 75. Rg7 Ra1+ 76. Kf2 Kc2 77. Rd7 c3 78. Ke3 d2 79. Ke2
Rxa7 0-1

[Event "Reykjavik Open 2018"]
[Site "Reykjavik ISL"]
[Date "2018.03.07"]
[Round "2.109"]
[White "Jonsson, Sveinbjorn"]
[Black "Olafsson, Arni"]
[Result "1-0"]
[WhiteElo "1682"]
[BlackElo "1231"]
[WhiteFideId "2303248"]
[BlackFideId "2313510"]
[EventDate "2018.03.06"]

1. e4 e5 2. Nf3 Nc6 3. Bb5 a6 4. Ba4 Nf6 5. d3 d6 6. h3 Be7 7. c3 O-O 8. O-O b5
9. Bc2 h6 10. Be3 Be6 11. Nbd2 Na7 12. d4 exd4 13. cxd4 d5 14. e5 Nd7 15. Nb3
Nb6 16. Qd3 g6 17. Bxh6 Re8 18. Qd2 Nc4 19. Qc1 Rc8 20. Bg5 Bxg5 21. Nxg5 Kg7
22. Nc5 Nc6 23. Qf4 Rf8 24. Ncxe6+ fxe6 25. Nxe6+ Kh7 26. Nxf8+ Qxf8 27. Qg5 Qe8
28. Bxg6+ 1-0

[Event "Reykjavik Open 2018"]
[Site "Reykjavik ISL"]
[Date "2018.03.07"]
[Round "2.110"]
[White "Mancini, Pietro"]
[Black "Steingrimsson, Karl Egill"]
[Result "0-1"]
[WhiteElo "1020"]
[BlackElo "1659"]
[WhiteFideId "2854541"]
[BlackFideId "2304791"]
[EventDate "2018.03.06"]

1. d4 Nf6 2. Nf3 d5 3. Bf4 g6 4. c3 Bg7 5. e3 O-O 6. Bd3 b6 7. Nbd2 Bb7 8. O-O
Nbd7 9. Qb1 c5 10. e4 Nh5 11. Be3 dxe4 12. Bxe4 Bxe4 13. Nxe4 cxd4 14. Bxd4 e5
15. Be3 Qc7 16. Rd1 Ndf6 17. Nxf6+ Bxf6 18. Bg5 Bxg5 19. Nxg5 Rad8 20. Rxd8 Rxd8
21. Qe1 Qe7 22. Nf3 e4 23. Nd4 Re8 24. Nc2 Nf4 25. g3 Nd3 26. Qe3 Nxb2 27. Rb1
Nc4 28. Qd4 Nd6 29. Rd1 Rd8 30. Qb4 Qc7 31. Qd4 Nb7 0-1

[Event "Reykjavik Open 2018"]
[Site "Reykjavik ISL"]
[Date "2018.03.07"]
[Round "2.111"]
[White "Vignisson, Ingvar Egill"]
[Black "Sigfusson, Ottar Orn Bergmann"]
[Result "1-0"]
[WhiteElo "1656"]
[BlackElo "1100"]
[WhiteFideId "2309270"]
[BlackFideId "2313057"]
[EventDate "2018.03.06"]

1. e4 e5 2. Nf3 Nc6 3. Bb5 a6 4. Ba4 Bc5 5. c3 Nf6 6. d4 exd4 7. e5 Qe7 8. O-O
Nd5 9. cxd4 Ba7 10. Bb3 Nb6 11. Bg5 f6 12. exf6 gxf6 13. Re1 fxg5 14. Rxe7+ Nxe7
15. Nxg5 d6 16. Qh5+ Ng6 17. Nxh7 Bf5 18. Qxf5 Rxh7 19. Qxg6+ Ke7 20. Qxh7+ Kf6
21. Nc3 Re8 22. Rc1 a5 23. Nd5+ Kg5 1-0

[Event "Reykjavik Open 2018"]
[Site "Reykjavik ISL"]
[Date "2018.03.07"]
[Round "3.1"]
[White "Rapport, Richard"]
[Black "Nihal, Sarin"]
[Result "1/2-1/2"]
[WhiteTitle "GM"]
[BlackTitle "IM"]
[WhiteElo "2715"]
[BlackElo "2534"]
[WhiteFideId "738590"]
[BlackFideId "25092340"]
[EventDate "2018.03.06"]

1. d4 d5 2. c4 e6 3. Nc3 c6 4. e3 Nf6 5. Nf3 Nbd7 6. Ne5 Bb4 7. Bd2 O-O 8. Be2
c5 9. O-O cxd4 10. exd4 dxc4 11. Nxc4 Nb6 12. Bg5 Nxc4 13. Bxc4 Bd7 14. Qb3 Bxc3
15. bxc3 Bc6 16. Rfe1 Rc8 17. Bf1 a6 18. Re3 Qd5 19. Bxf6 gxf6 20. Qd1 b5 21. a4
Kh8 22. axb5 axb5 23. Rg3 Rg8 24. Ra7 e5 25. Qd2 exd4 26. cxd4 Rxg3 27. hxg3 Kg7
28. Qb4 Ra8 29. Rxa8 Bxa8 30. Qxb5 Qxd4 1/2-1/2

[Event "Reykjavik Open 2018"]
[Site "Reykjavik ISL"]
[Date "2018.03.07"]
[Round "3.2"]
[White "Praggnanandhaa, R"]
[Black "Cornette, Matthieu"]
[Result "1/2-1/2"]
[WhiteTitle "IM"]
[BlackTitle "GM"]
[WhiteElo "2507"]
[BlackElo "2620"]
[WhiteFideId "25059530"]
[BlackFideId "620084"]
[EventDate "2018.03.06"]

1. Nf3 Nf6 2. g3 d5 3. Bg2 c5 4. O-O e6 5. d4 cxd4 6. Nxd4 e5 7. Nb3 Be6 8. c4
Nc6 9. cxd5 Nxd5 10. N1d2 Be7 11. Ne4 b6 12. Ng5 Bxg5 13. Bxg5 f6 14. Bd2 O-O
15. Nc1 Rc8 16. e4 Nc7 17. Ne2 Qe7 18. Rc1 Nb4 19. a3 Nd3 20. Rc3 Rfd8 21. Qc2
Nc5 22. b4 Nb3 23. Rxb3 Rxd2 24. Qxd2 Bxb3 25. Rc1 Rd8 26. Qc3 Rd1+ 27. Rxd1
Bxd1 28. Qc4+ Qf7 29. Qxf7+ Kxf7 30. Nc3 Bb3 1/2-1/2

[Event "Reykjavik Open 2018"]
[Site "Reykjavik ISL"]
[Date "2018.03.07"]
[Round "3.3"]
[White "Yilmaz, Mustafa"]
[Black "Perelshteyn, Eugene"]
[Result "1-0"]
[WhiteTitle "GM"]
[BlackTitle "GM"]
[WhiteElo "2619"]
[BlackElo "2513"]
[WhiteFideId "6302718"]
[BlackFideId "2012529"]
[EventDate "2018.03.06"]

1. d4 Nf6 2. c4 g6 3. Nc3 d5 4. cxd5 Nxd5 5. e4 Nxc3 6. bxc3 Bg7 7. Be3 O-O 8.
Nf3 c5 9. Be2 Bg4 10. O-O cxd4 11. cxd4 Nc6 12. d5 Bxf3 13. Bxf3 Bxa1 14. Qxa1
Na5 15. Bh6 f6 16. Bxf8 Kxf8 17. Bg4 Nc4 18. Be6 b5 19. Re1 Qb8 20. g3 a6 21.
Kg2 Qe5 22. Qc1 Kg7 23. Qc2 Qd4 24. Rd1 Qe5 25. Re1 Qd4 26. Qe2 Ra7 27. Rd1 Qc3
28. Rd3 Qa1 29. Rd1 Qc3 30. Rd3 Qa1 31. f4 Rc7 32. Kh3 Qc1 33. e5 Nxe5 34. Rd1
Qc4 35. Qe1 Nf3 36. Qe3 Qc3 37. Rd3 Ng1+ 38. Kg2 Qb2+ 39. Rd2 Qc1 40. Bg4 Kf8
41. Bd1 Rc5 42. Qf2 Qc4 43. Rd4 1-0

[Event "Reykjavik Open 2018"]
[Site "Reykjavik ISL"]
[Date "2018.03.07"]
[Round "3.4"]
[White "Christiansen, Johan-Sebastian"]
[Black "Lenderman, Aleksandr"]
[Result "1/2-1/2"]
[WhiteTitle "IM"]
[BlackTitle "GM"]
[WhiteElo "2486"]
[BlackElo "2600"]
[WhiteFideId "1512668"]
[BlackFideId "2021285"]
[EventDate "2018.03.06"]

1. e4 c6 2. d4 d5 3. exd5 cxd5 4. Nf3 Nf6 5. Ne5 e6 6. Bb5+ Bd7 7. Nxd7 Nbxd7 8.
c3 Qc7 9. Nd2 Bd6 10. Nf3 O-O 11. O-O Bf4 12. Re1 Bxc1 13. Qxc1 Nb6 14. Bd3 Nc4
15. b3 Na5 16. Qd2 Rac8 17. Rac1 Nc6 18. Bb1 Rfd8 19. h3 Qe7 20. Qd3 g6 21. Qe3
a6 22. Bd3 Rc7 23. Re2 Rdc8 24. Rec2 Kg7 25. Qe2 Nd7 26. Qe3 Qf6 27. Nh2 Kg8 28.
Nf3 Re8 29. Bf1 Rcc8 30. Qd2 Rcd8 31. Rd1 1/2-1/2

[Event "Reykjavik Open 2018"]
[Site "Reykjavik ISL"]
[Date "2018.03.07"]
[Round "3.5"]
[White "Lagarde, Maxime"]
[Black "Fernandez, Daniel Howard"]
[Result "1/2-1/2"]
[WhiteTitle "GM"]
[BlackTitle "GM"]
[WhiteElo "2587"]
[BlackElo "2505"]
[WhiteFideId "662399"]
[BlackFideId "5801605"]
[EventDate "2018.03.06"]

1. e4 c5 2. Nf3 d6 3. d4 Nf6 4. Nc3 cxd4 5. Nxd4 a6 6. h4 Nc6 7. Be2 e5 8. Nb3
h6 9. Be3 Be6 10. Nd5 Bxd5 11. exd5 Nb8 12. a4 Be7 13. a5 h5 14. c4 Nbd7 15. Nd2
b5 16. axb6 Nxb6 17. Nb3 Nc8 18. Na5 Qd7 19. Nc6 Ng4 20. Bd2 Bf6 21. f3 Nh6 22.
g4 Bd8 23. Bxh6 gxh6 24. f4 Qb7 25. fxe5 dxe5 26. Qa4 Qxb2 27. O-O O-O 28. Ra2
Qb6+ 29. Kh1 Qe3 30. Qa3 Qe4+ 31. Qf3 Nd6 32. Nxd8 Rfxd8 33. Qxe4 Nxe4 34. Kg2
a5 35. Rf5 Nc3 36. Rc2 Nxe2 37. Rxe2 Rdc8 38. Rc2 Rc5 39. Rxh5 a4 40. Rxe5 a3
41. Ree2 Ra6 42. Kf3 Kf8 43. h5 Rca5 44. Ra2 Rf6+ 45. Ke4 Ke7 46. Re3 Rfa6 47.
Kd4+ Kd7 48. Rf3 Ke7 49. Raf2 f6 50. Re2+ Kf7 51. Rfe3 f5 52. Ra2 fxg4 53. Re4
Rf6 54. Rxg4 Rf3 55. Re4 Ra8 56. d6 Rf5 57. Kc3 Rd8 58. Rd2 Rxh5 59. Re7+ Kf6
60. Rf2+ Kg6 61. Re6+ Kg7 62. Kd4 Rh4+ 63. Kd5 Ra8 64. Re7+ Kg6 65. Rg2+ Kf6 66.
Rf2+ Kg6 67. Ra2 Ra5+ 68. c5 Rh5+ 69. Ke6 Rhxc5 70. Rg2+ Rg5 71. Ra2 Rge5+ 72.
Kd7 Ra7+ 73. Kd8 Ra8+ 74. Kd7 Ra7+ 75. Kd8 Ra8+ 76. Kd7 1/2-1/2

[Event "Reykjavik Open 2018"]
[Site "Reykjavik ISL"]
[Date "2018.03.07"]
[Round "3.6"]
[White "Haria, Ravi"]
[Black "Friedel, Joshua"]
[Result "1/2-1/2"]
[WhiteTitle "IM"]
[BlackTitle "GM"]
[WhiteElo "2424"]
[BlackElo "2562"]
[WhiteFideId "415820"]
[BlackFideId "2017199"]
[EventDate "2018.03.06"]

1. Nf3 Nf6 2. g3 b6 3. Bg2 Bb7 4. c4 e6 5. O-O Be7 6. b3 O-O 7. Bb2 d5 8. cxd5
exd5 9. d4 Nbd7 10. Nc3 Re8 11. Rc1 a6 12. Qc2 Bd6 13. Nd2 c5 14. dxc5 Nxc5 15.
Rcd1 Rc8 16. Qb1 Qe7 17. Nf3 Nce4 18. Nxe4 Nxe4 19. Qa1 g6 20. Nd2 Qe6 21. Nxe4
dxe4 22. Rc1 a5 23. Rxc8 Bxc8 24. Bd4 Ba6 25. Qb2 Be5 26. Re1 Bxd4 27. Qxd4 h5
28. Qe3 Qf6 29. h4 Kg7 30. Rd1 Qe6 31. Rd4 Bb7 32. Qc3 Qe5 33. Qe3 Qe7 34. Qc3
Qe5 35. Qe3 Qe7 36. Qc3 1/2-1/2

[Event "Reykjavik Open 2018"]
[Site "Reykjavik ISL"]
[Date "2018.03.07"]
[Round "3.7"]
[White "Vaibhav, Suri"]
[Black "Bartholomew, John"]
[Result "1-0"]
[WhiteTitle "GM"]
[BlackTitle "IM"]
[WhiteElo "2544"]
[BlackElo "2477"]
[WhiteFideId "5045185"]
[BlackFideId "2019353"]
[EventDate "2018.03.06"]

1. d4 d5 2. c4 c6 3. Nf3 Nf6 4. g3 Bg4 5. Ne5 Bf5 6. cxd5 cxd5 7. Nc3 Nc6 8. f3
Rc8 9. Bg2 Qb6 10. e4 dxe4 11. fxe4 Bd7 12. Nxc6 Bxc6 13. d5 Bd7 14. e5 Ng4 15.
Qe2 Qa6 16. Qxa6 bxa6 17. e6 fxe6 18. dxe6 Bxe6 19. O-O Bd7 20. h3 Nf6 21. Be3
e6 22. Bxa7 Bc5+ 23. Bxc5 Rxc5 24. Ne4 Nxe4 25. Bxe4 Ke7 26. Rac1 Rxc1 27. Rxc1
Kd6 28. b4 h6 29. Kf2 Rc8 30. Rxc8 Bxc8 31. Bd3 e5 32. h4 Kd5 33. Ke3 e4 34. Be2
Ke5 35. h5 Kd5 36. a3 Bb7 37. a4 Bc8 38. a5 Bb7 39. Bf1 Bc8 40. Be2 Bb7 41. b5
axb5 42. Bxb5 Ke5 43. a6 Bc8 44. Bf1 Kd5 45. Kf4 Kd4 46. a7 Bb7 47. Kf5 Ke3 48.
Kg6 Kf2 49. Ba6 e3 50. Bxb7 e2 51. a8=Q e1=Q 52. Qf8+ Kxg3 53. Qf3+ Kh4 54. Qe4+
Qxe4+ 55. Bxe4 Kg4 56. Bc2 1-0

[Event "Reykjavik Open 2018"]
[Site "Reykjavik ISL"]
[Date "2018.03.07"]
[Round "3.8"]
[White "Moradiabadi, Elshan"]
[Black "L'Ami, Alina"]
[Result "1-0"]
[WhiteTitle "GM"]
[BlackTitle "IM"]
[WhiteElo "2535"]
[BlackElo "2306"]
[WhiteFideId "12501255"]
[BlackFideId "1210246"]
[EventDate "2018.03.06"]

1. d4 Nf6 2. c4 g6 3. Nc3 Bg7 4. g3 O-O 5. Bg2 d6 6. Nf3 c6 7. O-O Bf5 8. b3 Ne4
9. Bb2 Nxc3 10. Bxc3 Be4 11. Rc1 d5 12. e3 e6 13. Qe2 Nd7 14. Rfd1 a5 15. Bf1
Bxf3 16. Qxf3 f5 17. Qe2 Nf6 18. Be1 g5 19. Qc2 Rf7 20. cxd5 cxd5 21. Qd3 Bf8
22. Rc2 g4 23. Bg2 Ba3 24. Qb5 Qd7 25. Qa4 Bd6 26. Qxd7 Rxd7 27. Rdc1 Rdd8 28.
a4 Kf7 29. Kf1 Ng8 30. f3 h5 31. Ke2 Ne7 32. Kf2 Rh8 33. Kg1 b6 34. Bh1 Ba3 35.
Ra1 Bd6 36. e4 Rac8 37. Rac1 Rxc2 38. Rxc2 gxf3 39. e5 Bb8 40. Bxf3 Kg6 41. b4
axb4 42. Bxb4 Rc8 43. Rxc8 Nxc8 44. Kf2 Bc7 45. Ke3 Bd8 46. h4 Na7 47. Be2 Nc6
48. Bc3 Ne7 49. Bb5 Kf7 50. Bb4 Ng8 51. Bd2 Nh6 52. Kf3 Ng8 53. Ke2 Be7 54. Kd3
Bd8 55. Kc3 Be7 56. Kb3 Bd8 57. Be2 Kg6 58. Kb4 Ne7 59. Kb5 f4 60. Bd3+ Nf5 61.
Bxf4 Kf7 62. Bxf5 exf5 63. Kc6 Ke6 64. Be3 1-0

[Event "Reykjavik Open 2018"]
[Site "Reykjavik ISL"]
[Date "2018.03.07"]
[Round "3.9"]
[White "Risting, Eivind Olav"]
[Black "Eljanov, Pavel"]
[Result "0-1"]
[WhiteTitle "FM"]
[BlackTitle "GM"]
[WhiteElo "2304"]
[BlackElo "2713"]
[WhiteFideId "1517333"]
[BlackFideId "14102951"]
[EventDate "2018.03.06"]

1. d4 d5 2. c4 e6 3. Nc3 Bb4 4. Nf3 Ne7 5. e3 c5 6. cxd5 exd5 7. Bb5+ Nbc6 8.
dxc5 O-O 9. O-O Bxc5 10. b3 Bg4 11. Be2 a6 12. Bb2 Qd6 13. Rc1 Rad8 14. Nd4 Bxd4
15. exd4 Bxe2 16. Nxe2 Nf5 17. Qd3 Qg6 18. Nf4 Qg4 19. g3 h5 20. Rcd1 h4 21.
Rfe1 hxg3 22. hxg3 Rfe8 23. Bc3 Nh4 24. Rxe8+ Rxe8 25. Nxd5 Re6 26. Nf4 Rh6 27.
d5 Nf3+ 28. Kg2 Rh2+ 29. Kf1 Rh1+ 30. Kg2 Rxd1 0-1

[Event "Reykjavik Open 2018"]
[Site "Reykjavik ISL"]
[Date "2018.03.07"]
[Round "3.11"]
[White "Sundararajan, Kidambi"]
[Black "Adhiban, Baskaran"]
[Result "1/2-1/2"]
[WhiteTitle "GM"]
[BlackTitle "GM"]
[WhiteElo "2427"]
[BlackElo "2650"]
[WhiteFideId "5005370"]
[BlackFideId "5018471"]
[EventDate "2018.03.06"]

1. Nf3 c5 2. c4 g6 3. d4 cxd4 4. Nxd4 Nc6 5. e4 Nf6 6. Nc3 Nxd4 7. Qxd4 d6 8.
Be2 Bg7 9. O-O O-O 10. Qe3 a5 11. Bd2 Bd7 12. Rab1 a4 13. Nd5 Bc6 14. Bc3 Nd7
15. Bxg7 Kxg7 16. Rfd1 Re8 17. Bf1 Qa5 18. b4 axb3 19. axb3 Bxd5 20. Rxd5 Qa7
21. Qxa7 Rxa7 22. f3 Rea8 23. b4 b6 24. Rd2 Ra1 25. Rxa1 Rxa1 26. Kf2 Nb8 27. c5
bxc5 28. bxc5 dxc5 29. Rd8 Ra2+ 30. Ke3 Na6 31. Rc8 Ra3+ 32. Kf2 Ra2+ 33. Ke3 h6
34. h4 Ra3+ 35. Kf2 Ra2+ 36. Ke3 e6 37. Bxa6 Rxa6 38. Rxc5 Ra2 39. g3 1/2-1/2

[Event "Reykjavik Open 2018"]
[Site "Reykjavik ISL"]
[Date "2018.03.07"]
[Round "3.12"]
[White "Adly, Ahmed"]
[Black "Kjartansson, Gudmundur"]
[Result "1-0"]
[WhiteTitle "GM"]
[BlackTitle "IM"]
[WhiteElo "2643"]
[BlackElo "2432"]
[WhiteFideId "10601619"]
[BlackFideId "2301318"]
[EventDate "2018.03.06"]

1. d4 d5 2. Nf3 Nf6 3. g3 e6 4. Bg2 Be7 5. c4 O-O 6. O-O Nbd7 7. Qc2 c6 8. Nbd2
b6 9. e4 dxc4 10. Nxc4 Bb7 11. Rd1 c5 12. Ng5 h6 13. e5 Bxg2 14. exf6 Nxf6 15.
Kxg2 hxg5 16. dxc5 Qc7 17. cxb6 axb6 18. Qe2 Rfc8 19. Ne5 Ra5 20. Nd3 Rd8 21.
Be3 Rad5 22. Ne1 Rxd1 23. Rxd1 Rxd1 24. Qxd1 Nd5 25. Bd2 Qc4 26. b3 Qd4 27. Qc2
g4 28. Qd3 Qb2 29. a4 Bc5 30. Nc2 Qf6 31. Be1 Qb2 32. Qc4 Bd4 33. Qc8+ Kh7 34.
Nxd4 Qxd4 35. Qc2+ g6 36. Bd2 e5 37. Bc1 Nc3 38. Be3 Qd5+ 39. Kg1 Ne4 40. b4 Qb7
41. a5 bxa5 42. bxa5 Nd6 43. Qd3 Nf5 44. a6 Qf3 45. a7 Nxe3 46. fxe3 f5 47. Qd7+
Kh6 48. Qd2 Kh5 49. Qc1 g5 50. Qd2 Kg6 51. Qd6+ Kh5 52. Qd3 Qb7 53. Qa3 Qf3 54.
Qd3 Qb7 55. Qxf5 Qxa7 56. Qxe5 Qa2 57. Qe4 Qa1+ 58. Kf2 Qb2+ 59. Ke1 Kh6 60.
Qxg4 Qxh2 61. Qf3 Kg6 62. e4 Qh3 63. Ke2 Qe6 64. g4 Qa2+ 65. Kf1 Qb1+ 66. Kg2
Qb2+ 67. Qf2 Qc1 68. e5 Qc6+ 69. Kh2 Qe6 70. Qc2+ Kg7 71. Qf5 Qa2+ 72. Kg3 Qb3+
73. Qf3 Qb6 74. Kh3 Qh6+ 75. Kg2 Qb6 76. Qe4 Qb2+ 77. Kf3 Qc1 78. Qd4 Qf1+ 79.
Ke4 Qb1+ 80. Qd3 Qb4+ 81. Qd4 Qb1+ 82. Kd5 Qb7+ 83. Kd6 Kf8 84. e6 Qb8+ 85. Kd5
Qb7+ 86. Ke5 Qg7+ 87. Ke4 Qh7+ 88. Ke3 Qh3+ 89. Kd2 Qg2+ 90. Kd3 Qf3+ 91. Kc4
Qe2+ 92. Kd5 Qa2+ 93. Ke5 Qe2+ 94. Kf6 Qf3+ 95. Kg6 1-0

[Event "Reykjavik Open 2018"]
[Site "Reykjavik ISL"]
[Date "2018.03.07"]
[Round "3.13"]
[White "Gledura, Benjamin"]
[Black "Kvetny, Mark"]
[Result "1/2-1/2"]
[WhiteTitle "GM"]
[BlackTitle "IM"]
[WhiteElo "2632"]
[BlackElo "2408"]
[WhiteFideId "712779"]
[BlackFideId "24603929"]
[EventDate "2018.03.06"]

1. e3 Nf6 2. Nf3 d5 3. c4 e6 4. b3 Be7 5. Bb2 b6 6. cxd5 exd5 7. Be2 O-O 8. O-O
Bb7 9. d4 Ne4 10. Nbd2 Bf6 11. Nxe4 dxe4 12. Ne5 Bxe5 13. dxe5 Qe7 14. Qc2 Na6
15. Bxa6 Bxa6 16. Rfc1 c5 17. Qxe4 Bb7 18. Qg4 Rad8 19. Rd1 Rxd1+ 20. Rxd1 Rd8
21. Rd6 h5 22. Qf4 Kf8 23. h4 Rxd6 24. exd6 Qe6 25. f3 Bc6 26. e4 g6 27. Be5 Ke8
28. g4 hxg4 29. fxg4 Kd7 30. h5 gxh5 31. gxh5 f6 32. Bxf6 Qxd6 33. Qg4+ Qe6 34.
Qg7+ Kc8 35. Be5 Kd8 36. Qg5+ Ke8 37. Qf4 Qg8+ 38. Kf2 Qh7 39. Bb8 Qxe4 40.
Qxe4+ Bxe4 41. Bxa7 Bb1 42. a3 Bc2 43. h6 Kf7 44. Bxb6 Bxb3 45. Bxc5 Bc2 46. Ke3
Ke6 47. Kd4 Kd7 48. Bd6 1/2-1/2

[Event "Reykjavik Open 2018"]
[Site "Reykjavik ISL"]
[Date "2018.03.07"]
[Round "3.14"]
[White "Can, Emre"]
[Black "Bick, Gabriel"]
[Result "1-0"]
[WhiteTitle "GM"]
[WhiteElo "2603"]
[BlackElo "2416"]
[WhiteFideId "6302181"]
[BlackFideId "2084058"]
[EventDate "2018.03.06"]

1. d4 Nf6 2. c4 g6 3. Nc3 Bg7 4. e4 d6 5. Nf3 O-O 6. h3 e5 7. d5 a5 8. Bg5 Na6
9. Be2 Qe8 10. Nd2 Nd7 11. g4 Ndc5 12. Rg1 Kh8 13. a3 Bd7 14. Qc2 c6 15. h4 Rc8
16. h5 gxh5 17. gxh5 f5 18. O-O-O fxe4 19. Ndxe4 cxd5 20. h6 dxe4 21. hxg7+ Kxg7
22. Rxd6 Kh8 23. Bf6+ Rxf6 24. Rxf6 Qd8 25. Rh6 Qf8 26. Rgh1 Qf4+ 27. Kb1 Bf5
28. Nd5 Qg5 29. R6h5 1-0

[Event "Reykjavik Open 2018"]
[Site "Reykjavik ISL"]
[Date "2018.03.07"]
[Round "3.15"]
[White "Thorfinnsson, Bjorn"]
[Black "Grigoriants, Sergey"]
[Result "0-1"]
[WhiteTitle "IM"]
[BlackTitle "GM"]
[WhiteElo "2399"]
[BlackElo "2568"]
[WhiteFideId "2300982"]
[BlackFideId "4130804"]
[EventDate "2018.03.06"]

1. c4 e5 2. g3 Nf6 3. Bg2 d5 4. cxd5 Nxd5 5. Nc3 Nb6 6. Nf3 Nc6 7. O-O Be7 8. d3
O-O 9. Be3 Re8 10. Ne4 f5 11. Nc3 Bf6 12. Nd2 Nd4 13. a4 a5 14. Nc4 Nxc4 15.
dxc4 c6 16. Bd2 e4 17. e3 Ne6 18. Qc2 Nc5 19. Rfd1 Qd3 20. Qxd3 Nxd3 21. b3 Rd8
22. Rab1 Be6 23. Bf1 Bf7 24. Bxd3 Rxd3 25. Be1 Rxc3 26. Bxc3 Bxc3 27. Rd7 Rb8
28. Rbd1 Bf6 29. Kg2 Kf8 30. h3 Be6 31. R7d6 Ke7 32. R6d2 Ra8 33. f3 Ra6 0-1

[Event "Reykjavik Open 2018"]
[Site "Reykjavik ISL"]
[Date "2018.03.07"]
[Round "3.16"]
[White "Fenil, Shah"]
[Black "Brunello, Sabino"]
[Result "1/2-1/2"]
[WhiteTitle "FM"]
[BlackTitle "GM"]
[WhiteElo "2346"]
[BlackElo "2542"]
[WhiteFideId "5019850"]
[BlackFideId "813613"]
[EventDate "2018.03.06"]

1. e4 c5 2. Nf3 d6 3. d4 cxd4 4. Nxd4 Nf6 5. Nc3 a6 6. Nb3 g6 7. Be2 Bg7 8. Be3
Nc6 9. Nd5 Nd7 10. c3 e6 11. Nf4 Nde5 12. Qd2 b5 13. Nd4 Bd7 14. b3 O-O 15. O-O
Qa5 16. Rfd1 Rfc8 17. Nc2 Bf8 18. a4 Qc7 19. axb5 axb5 20. Rxa8 Rxa8 21. Bxb5
Qb7 22. c4 Na5 23. Nd4 Qxe4 24. f3 Qb7 25. Qc3 Bg7 26. Qe1 Bxb5 27. Nxb5 Nxb3
28. Nxd6 Qc7 29. Qb4 Rb8 30. Qa4 Nc5 31. Qa3 Ned7 32. Nb5 Qe5 33. Kf2 Bf8 34.
Qa2 Rc8 35. g3 Qb8 36. Nd3 Nxd3+ 37. Rxd3 Ne5 38. Rc3 Bg7 39. Bd4 Rd8 40. Kg2
Qb7 41. Qe2 1/2-1/2

[Event "Reykjavik Open 2018"]
[Site "Reykjavik ISL"]
[Date "2018.03.07"]
[Round "3.17"]
[White "Sarkar, Justin"]
[Black "Stefansson, Hannes"]
[Result "1/2-1/2"]
[WhiteTitle "IM"]
[BlackTitle "GM"]
[WhiteElo "2322"]
[BlackElo "2533"]
[WhiteFideId "2010011"]
[BlackFideId "2300087"]
[EventDate "2018.03.06"]

1. e4 e5 2. f4 exf4 3. Bc4 Nf6 4. Nc3 c6 5. d4 Bb4 6. Ne2 d5 7. exd5 f3 8. gxf3
Nxd5 9. O-O Bh3 10. Re1 O-O 11. Bxd5 cxd5 12. Nf4 Qh4 13. Nfxd5 Bd6 14. Re4 Qh5
15. Qe2 Bf5 16. Qg2 Kh8 17. Nf4 Qh6 18. Nfd5 Qh5 19. Nf4 Qh6 20. Nfd5 Qh5 1/2-1/2

[Event "Reykjavik Open 2018"]
[Site "Reykjavik ISL"]
[Date "2018.03.07"]
[Round "3.18"]
[White "Stefansson, Vignir Vatnar"]
[Black "Abdusattorov, Nodirbek"]
[Result "0-1"]
[WhiteTitle "FM"]
[BlackTitle "IM"]
[WhiteElo "2300"]
[BlackElo "2518"]
[WhiteFideId "2308649"]
[BlackFideId "14204118"]
[EventDate "2018.03.06"]

1. Nc3 c5 2. Nf3 d6 3. e4 Nf6 4. d3 Nc6 5. g3 g6 6. Bg2 Bg7 7. O-O O-O 8. h3 Rb8
9. a4 a6 10. Be3 e5 11. Qd2 Nd4 12. Kh2 Qd7 13. Ne1 b5 14. axb5 axb5 15. f4 b4
16. Ne2 Nxe2 17. Qxe2 exf4 18. gxf4 Nh5 19. Rb1 f5 20. Qd2 Bb7 21. d4 cxd4 22.
Bxd4 fxe4 0-1

[Event "Reykjavik Open 2018"]
[Site "Reykjavik ISL"]
[Date "2018.03.07"]
[Round "3.19"]
[White "Hjartarson, Johann"]
[Black "Kavutskiy, Konstantin"]
[Result "1-0"]
[WhiteTitle "GM"]
[BlackTitle "IM"]
[WhiteElo "2513"]
[BlackElo "2383"]
[WhiteFideId "2300044"]
[BlackFideId "2026384"]
[EventDate "2018.03.06"]

1. d4 Nf6 2. c4 g6 3. Nf3 Bg7 4. g3 O-O 5. Bg2 d6 6. O-O c6 7. Nc3 Bf5 8. b3 Ne4
9. Bb2 Nxc3 10. Bxc3 Be4 11. Rc1 Nd7 12. Bh3 Bxf3 13. exf3 e6 14. f4 d5 15. Qe2
a5 16. a4 Qb6 17. Qd1 Rfd8 18. Re1 Nf6 19. Qc2 Ne4 20. c5 Qa7 21. Bb2 b6 22. Bg2
Nf6 23. Re3 Nd7 24. cxb6 Qxb6 25. Qxc6 Bxd4 26. Qxb6 Bxb6 27. Re2 Rab8 28. Rec2
Bc5 29. Rxc5 Nxc5 30. Rxc5 Rxb3 31. Bf6 Ra8 32. Bf1 Rbb8 33. Rc7 Rc8 34. Rd7
Rab8 35. Bb5 Rc1+ 36. Kg2 Rcc8 37. Kf3 Kf8 38. Ke3 Ra8 39. Kd3 Rc1 40. Rd8+ Rxd8
41. Bxd8 1-0